000 00495nam a2200181Ia 4500
008 090124s9999 xx 000 0 und d
082 _b121309
100 _aगोळे गिरीश
245 _a चुकलेली वाट
250 _a1
260 _c1986
300 _a250
600 _aगोळे गिरीश
630 _a चुकलेली वाट
700 _aगोळे गिरीश
730 _a चुकलेली वाट
942 _cBOOK
999 _c167395
_d167395